000 00780nam a2200157 a 4500
008 210611s2016 xx |||||||||||||| || u
050 _aZCTU(02)2016
110 _aZambia Congress of Trade Union
245 1 0 _aZambia Congress of Trade Unions : golden jubilee : celebrating 50 years of excellence
_cBy Zambia of Congress Trade Union(ZCTU)
260 _a
_bZambia Congress of Trade Unions
_c2016
650 _aLABOUR PRODUCTIVITY
650 _aLABOUR UNIONS--ZAMBIA
650 0 _aZAMBIA--ECONOMIC POLICY
995 _aSPECIAL COLLECTIONS
_e4541
_FCBU-MAIN LIBRARY (Kitwe)
_jZCTU(02)2016/1B
_M2
_UAVAILABLE
_WNov 22, 2021
_yB4541
_ZZambiana Collection
995 _aSPECIAL COLLECTIONS
_e4540
_FCBU-MAIN LIBRARY (Kitwe)
_jZCTU(02)2016/1A
_M1
_UAVAILABLE
_WNov 22, 2021
_yB4540
_ZZambiana Collection
999 _c83381
_d83381